Progressive Geography Test #7 - Statistics

General Stats
  • This quiz has been taken 3,054 times
    1,435 since last reset
  • The average score is 10 of 20
Answer Stats
Question Answer % Correct
What is the capital of the United States? Washington D.C.
100%
What is the largest country with no land borders? Australia
97%
What is the biggest city that is not on a continental landmass? Tokyo
77%
Of which colonial empire did Niger form a part? French Colonial Empire
71%
What is the biggest city in Poland? Warsaw
71%
What is the capital of Switzerland? Bern
70%
And what is its biggest city? Zurich
67%
What is Japan's tallest mountain? Mount Fuji
66%
Who is the patron saint of England? St. George
54%
Which Russian province borders Poland? Kaliningrad
45%
The city of Paris is also known as the City of what? Lights
43%
What island nation was home to dodo birds? Mauritius
39%
Which country made the Louisiana Purchase? United States
39%
What major Mexican peninsula juts into the Pacific? Baja California
36%
What historic road connected East Asia to the Mediterranean? Silk Road
36%
What is the capital of Suriname? Paramaribo
31%
What country are Sherpas from? Nepal
30%
What strait separates the Malaysian mainland from Sumatra? Strait of Malacca
22%
What country is the territory of Tokelau a part of? New Zealand
20%
What city does the Spirit of Tasmania connect Melbourne with? Devonport
5%
No matching quizzes found
Score Distribution
Percent of People with Each Score
Percentile by Number Answered
Your Score History
You have not taken this quiz since the last reset